Estatutos y reglamento del Montepío de San Cristóbal (Chóferes de Barcelona)
Descripción Física:
40 p. ; 15,5 cm
MARC
| LEADER | 00000nam a2200000Ia 4500 | ||
|---|---|---|---|
| 001 | 14731 | ||
| 008 | 160829s1944 xx 000 0 cat d | ||
| 080 | |a FU-2-74 | ||
| 100 | |a Montepío de San Cristóbal, Chóferes de Barcelona |9 21721 | ||
| 245 | |a Estatutos y reglamento del Montepío de San Cristóbal (Chóferes de Barcelona) | ||
| 260 | |a Barcelona : |b Casa Provincial de Caridad. Imprenta Escuela, |c 1944 | ||
| 300 | |a 40 p. ; |c 15,5 cm | ||
| 650 | |a Montepío de San Cristóbal, Chóferes de Barcelona |x Estatuts |9 21722 | ||
| 650 | |a Montepío de San Cristóbal, Choferes de Barcelona |x Reglaments i procediment |9 25153 | ||
| 856 | 4 | |u https://media.diba.cat/diba/fitxers/arxiu/fulletons/bib_14731_baixa.pdf |y Accés lliure | |
| 856 | 4 | |u https://media.diba.cat/diba/fitxers/arxiu/fulletons/bib_14731_baixa.pdf |y Accés lliure | |
| 901 | |a Arxiu | ||
| 942 | |n 1 |2 udc | ||
| 952 | |0 0 |1 0 |4 0 |6 FU274 |7 1 |9 41836 |a Arxiu |b Arxiu |d 2016-12-01 |l 0 |o FU-2-74 |p 14731 |r 2016-12-01 00:00:00 |w 2016-12-01 |y ARXIU | ||
| 999 | |c 44227 |d 44227 | ||
| 900 | |a bib_14731_baixa.pdf | ||